Open Data Biblioteca Nacional de Portugal


República Portuguesa: Ministério da Cultura
Biblioteca Nacional de Portugal

Catálogo da BNP: acesso por Identificadores Unívocos
Registos Bibliográficos associados ao registo de autoridade

Etiqueta de registo: 00254nam 2200025 450
001 2242382
003 http://id.bnportugal.gov.pt/bib/catbnp/2242382
010 ## $a978-989-40-2986-1
021 ## $aPT$b555771/25
100 ## $a20260107d2025 k y0pory01030103ba
101 0# $apor
102 ## $aPT
105 ## $ay z 000yy
106 ## $ar
200 1# $aManual de capital de risco$fAlexandra Courela... [et al.]$gcoord. André Alfar Rodrigues, Helder Galvão$gpref. Stephan de Moraes
210 #9 $aCoimbra$cAlmedina,$d2025
215 ## $a338 p.$d23 cm
675 ## $a658.14(042)$vBN$zpor$31968387
675 ## $a336.76(042)$vBN$zpor$3908533
701 #1 $aCourela,$bAlexandra$4070$31865873
702 #1 $aRodrigues,$bAndré Alfar$4340$31782839
702 #1 $aMoraes,$bStephan de,$f1973-$4080$31975930
702 #1 $aGalvão,$bHelder$4340$31851381
801 #0 $aPT$bBN$gRPC
856 41 $uhttp://rnod.bnportugal.gov.pt/ImagesBN/winlibimg.aspx?skey=&doc=2242382&img=219828&save=true
900 ## $aBIBNAC$d20260320
966 ## $lBN$mFGMON$sS.C. 168569 V.$x1
966 ## $lBN$mFGMON$sS.C. 168569 V.-D$x1
971 ## $cssilva$d20260107
972 ## $e0$z0$d20260320$vasantos
973 ## $cigoulao$d20260303

OpendataBNP@bnportugal.pt | Mais informação sobre acesso aos dados BNP